Los partidos políticos de izquierda en Guatemala (1920-2005) /

Wedi'i Gadw mewn:
Manylion Llyfryddiaeth
Prif Awdur: Bauer Paiz, Alfonso
Fformat: Texto
Pynciau:
Tagiau: Ychwanegu Tag
Dim Tagiau, Byddwch y cyntaf i dagio'r cofnod hwn!

MARC

LEADER 00000 a a2200000 04500
001 45483
003
040 |a CRAI/IIS  |c CRAI/IIS 
090 |a REV0780 (43)2005  
100 |a Bauer Paiz, Alfonso  
245 |a Los partidos políticos de izquierda en Guatemala (1920-2005) /  |c Alfonso Bauer Paiz  
650 |a HISTORIA POLITICA  
650 |a PARTIDOS POLITICOS  
650 |a SOCIALISMO  
650 |a GUATEMALA  
773 |g número45, VI Epoca (2005), páginas 122-143  
999 |c 18176  |d 18176